01258naa a22003257a 4500001001000000003000900010005001700019007000300036008003400039040005400073041000900127072002000136090001800156100002100174100001400195111009200209245002300301500011900324773011800443650001200561650001200573650001400585650001500599650001800614490009100632942001500723909004000738999001900778952013500797BR9101793BR-BrBNA20250721155401.0ta250630b bl.|||m| |||| 00| 0 por d aBR-BrBNAbporcBiblioteca Nacional de Agricultura a(Pt) aF03b1121b3575 aF03 BR91017931 aQueiroz, M.H. de1 aLin, S.S.1 a1. Encontro Nacional de Pesquisadores em PalmitocCuritiba, PR (Brazil)d26-28 May 19871 aSementes [palmito] aAnais do 1. Encontro Nacional de Pesquisadores em Palmito Curitiba, PR (Brasil): 1987. p. 207-209 (BR9101793-AMS) 0 tAnais do 1. Encontro Nacional de Pesquisadores em PalmitowF03 BR9101793gCuritiba, PR (Brasil), 1987. p. 207-209 aPALMITO aSEMENTE aMATURACAO aGERMINACAO aARMAZENAMENTO aDocumentos - Centro Nacional de Pesquisa de Florestas (Brazil)vNo. 19xISSN 0101-7691 cAMS2AGRIS a202506bLúciac55dLúcia Elande c336197d336197 002AGRIS40708AGROBASEa41918b41918l0oF01 BR9702881r2025-06-30t01yAMS10d2025-06-30ePortaria Interministerial nº 164/94